000 00473nam a2200217Ia 4500
001 067848
003 YMCAF
005 20230512160455.0
008 100717s9999 ||||||||||||||||| ||und|d
020 _a-
024 _a67848
035 _a7311
040 _aYMCAF
_beng
_cIN-KoLT
041 _aeng
100 _aTTP, LAHORE
245 0 _aTRADE TRAINING III TTC PROGRAMME FITER GENERAL AND MILLWRIGHT
250 _a-
653 _a-
653 _a-
942 _2ddc
_cBK
999 _c4757
_d4757